000 01075nmc a2200373 a 4500
003 AR-BaBNM
005 20251128204331.0
008 011101s1987 ||||||||||||||000 | spa||
020 _a950-01-0321-4
040 _cAR-BaBNM
100 1 _aGiménez de Ardanaz, Norma
245 1 0 _aArticulación entre niveles
260 _aBuenos Aires
_bEstrada
_c1987
300 _a124 p.
_bil., gráfs.
490 0 _aEducación inicial
500 _aInformación sobre la autora
504 _aContiene bibliografía
650 4 _aACTIVIDADES DE APRENDIZAJE
650 4 _aOBJETIVOS EDUCACIONALES
650 4 _aTECNICAS DIDACTICAS
650 4 _aNIVELES DE EDUCACION
650 4 _aRELACION ESCUELA-COMUNIDAD
650 4 _aPLANIFICACION DEL PROGRAMA
650 4 _aREUNIONES
650 4 _aACTIVIDADES ESCOLARES
650 4 _aPLAN DE ESTUDIOS
650 4 _aALUMNOS
650 4 _aDESARROLLO DE LA CREATIVIDAD
653 _aEDUCACION INICIAL
653 _aJARDINES DE INFANTES
800 1 _aCapizzano de Capalbo, Beatriz
_edirector
942 _cBK
998 _cMARTIN
999 _c7060
_d7060